000 00673nam a2200229Ia 4500
008 180523s9999 xx 000 0 und d
020 _a971-92382-0-8
050 _aMAIN BS 1345.6
050 _b.P68W55 2000
100 _aWilkinson, Bruce H.
245 4 _aThe Prayer of Jabez :
245 0 _bbreaking through to the blessed life /
245 0 _cBruce H. Wilkinson.
260 _aColorado Springs, Colo. :
260 _bMultnomah Pub,
260 _c2000
300 _a93 pages :
300 _c17 cm.
650 _aJabez (biblical figure).
650 _aPrayer -- Christianity.
650 _xBible. Chronicles, 1st IV, 10 -- Prayers -- History and criticism.
999 _c356592
_d356592